Ringkasan eksekutif dasar agromakanan negara : (Record no. 23832)

MARC details
000 -LEADER
fixed length control field 00740nam a2200241#a 4500
001 - CONTROL NUMBER
control field 02273
003 - CONTROL NUMBER IDENTIFIER
control field HDC
007 - PHYSICAL DESCRIPTION FIXED FIELD--GENERAL INFORMATION
fixed length control field ta
008 - FIXED-LENGTH DATA ELEMENTS--GENERAL INFORMATION
fixed length control field 230623s2011 xx 000 0 eng d
040 ## - CATALOGING SOURCE
Original cataloging agency HDC
050 ## - LIBRARY OF CONGRESS CALL NUMBER
Classification number HD2080
Item number .M35 2011
110 ## - MAIN ENTRY--CORPORATE NAME
Corporate name or jurisdiction name as entry element Malaysia. Kementerian Pertanian dan Industri Asas Tani Malaysia.
245 #0 - TITLE STATEMENT
Title Ringkasan eksekutif dasar agromakanan negara :
Remainder of title 2011-2020.
264 ## - PRODUCTION, PUBLICATION, DISTRIBUTION, MANUFACTURE, AND COPYRIGHT NOTICE
Place of production, publication, distribution, manufacture Putrajaya :
Name of producer, publisher, distributor, manufacturer Bahagian Perancang Strategik dan Antarabangsa,
Date of production, publication, distribution, manufacture, or copyright notice 2011.
300 ## - PHYSICAL DESCRIPTION
Extent 24p. ;
Dimensions 20cm.
650 ## - SUBJECT ADDED ENTRY--TOPICAL TERM
Topical term or geographic name entry element Agricultural and state
Geographic subdivision Malaysia.
650 ## - SUBJECT ADDED ENTRY--TOPICAL TERM
Topical term or geographic name entry element Agricultural development projects
Geographic subdivision Malaysia.
650 ## - SUBJECT ADDED ENTRY--TOPICAL TERM
Topical term or geographic name entry element Agriculture
General subdivision Economic aspects
Geographic subdivision Malaysia.
942 ## - ADDED ENTRY ELEMENTS (KOHA)
Source of classification or shelving scheme Library of Congress Classification
942 ## - ADDED ENTRY ELEMENTS (KOHA)
Koha item type Book
942 ## - ADDED ENTRY ELEMENTS (KOHA)
Call number prefix HD2080
942 ## - ADDED ENTRY ELEMENTS (KOHA)
Call number suffix .M35 2011
Holdings
Withdrawn status Lost status Source of classification or shelving scheme Damaged status Not for loan Collection Home library Current library Shelving location Date acquired Total checkouts Full call number Barcode Date last seen Price effective from Koha item type
    Library of Congress Classification     Non-fiction Halal Development Corporation Library Halal Development Corporation Library Open Shelves 17/11/2020   HD2080 .M35 2011 HDC0001498 24/05/2023 24/05/2023 Book
Halal Development Corporation Berhad (HDC)
5.02 Level 5, KPMG Tower, First Avenue, Persiaran Bandar Utama, 47800 Petaling Jaya, Selangor Darul Ehsan
Phone: +603 7965 5489 Email: [email protected]